[Event "MPJBiS 2020"]
[Site "?"]
[Date "2020.08.30"]
[Round "1.11"]
[White "Bochniak, Franciszek"]
[Black "Chmielewski, Jakub"]
[Result "1-0"]
[BlackElo "1149"]
[WhiteElo "1485"]
[LiveChessVersion "1.4.8"]

1. d4 {[%clk 0:03:02]} d5 {[%clk 0:03:03]} 2. c4 {[%clk 0:03:04]} e6
{[%clk 0:03:04]} 3. Nc3 {[%clk 0:03:05]} Nf6 {[%clk 0:03:05]} 4. Bg5
{[%clk 0:03:06]} Bb4 {[%clk 0:03:06]} 5. e3 {[%clk 0:03:05]} b6 {[%clk 0:03:01]}
6. Nf3 {[%clk 0:03:05]} Bb7 {[%clk 0:03:02]} 7. a3 {[%clk 0:03:05]} Bxc3+
{[%clk 0:03:01]} 8. bxc3 {[%clk 0:03:06]} h6 {[%clk 0:02:58]} 9. Bxf6
{[%clk 0:03:07]} Qxf6 {[%clk 0:02:59]} 10. cxd5 {[%clk 0:03:03]} Bxd5
{[%clk 0:02:58]} 11. Be2 {[%clk 0:03:04]} O-O {[%clk 0:02:57]} 12. O-O
{[%clk 0:03:03]} Nd7 {[%clk 0:02:56]} 13. Qa4 {[%clk 0:02:59]} Rfd8
{[%clk 0:02:46]} 14. Rfd1 {[%clk 0:02:30]} Qe7 {[%clk 0:02:45]} 15. c4
{[%clk 0:02:28]} Bb7 {[%clk 0:02:45]} 16. Rac1 {[%clk 0:02:24]} c5
{[%clk 0:02:41]} 17. d5 {[%clk 0:02:22]} exd5 {[%clk 0:02:34]} 18. cxd5
{[%clk 0:02:23]} Nf6 {[%clk 0:02:34]} 19. Bc4 {[%clk 0:02:02]} Bxd5
{[%clk 0:02:12]} 20. Bxd5 {[%clk 0:02:01]} Rxd5 {[%clk 0:02:12]} 21. Rxd5
{[%clk 0:01:28]} Nxd5 {[%clk 0:02:13]} 22. Qc6 {[%clk 0:01:27]} Rd8
{[%clk 0:02:13]} 23. Re1 {[%clk 0:01:20]} Qd7 {[%clk 0:02:14]} 24. Ne5
{[%clk 0:01:16]} Qxc6 {[%clk 0:02:14]} 25. Nxc6 {[%clk 0:01:17]} Rd7
{[%clk 0:02:13]} 26. Rd1 {[%clk 0:01:17]} a6 {[%clk 0:02:09]} 27. Rxd5
{[%clk 0:01:18]} Rxd5 {[%clk 0:02:06]} 28. Ne7+ {[%clk 0:01:19]} Kf8
{[%clk 0:02:07]} 29. Nxd5 {[%clk 0:01:20]} b5 {[%clk 0:02:08]} 30. Nc7
{[%clk 0:01:22]} b4 {[%clk 0:02:08]} 31. axb4 cxb4 {[%clk 0:02:08]} 32. Nd5
{[%clk 0:00:49]} b3 {[%clk 0:02:08]} 33. Kf1 {[%clk 0:00:50]} b2 {[%clk 0:02:08]}
34. Nc3 {[%clk 0:00:51]} a5 {[%clk 0:02:09]} 35. Ke1 {[%clk 0:00:52]} a4
{[%clk 0:02:11]} 36. Kd1 {[%clk 0:00:53]} a3 {[%clk 0:02:12]} 37. Kc2
{[%clk 0:00:55]} Ke7 {[%clk 0:02:11]} 38. Kb3 {[%clk 0:00:55]} Ke6
{[%clk 0:02:10]} 39. Kxa3 {[%clk 0:00:55]} f5 {[%clk 0:02:10]} 40. Kxb2
{[%clk 0:00:56]} g5 {[%clk 0:02:11]} 41. Kc2 {[%clk 0:00:56]} Ke5
{[%clk 0:02:12]} 42. Kd3 {[%clk 0:00:57]} f4 {[%clk 0:02:11]} 43. exf4+
{[%clk 0:00:57]} Kxf4 {[%clk 0:02:12]} 44. Ke2 {[%clk 0:00:56]} h5
{[%clk 0:02:10]} 45. Nd5+ {[%clk 0:00:54]} Ke5 {[%clk 0:02:11]} 46. Nb4
{[%clk 0:00:51]} Kf4 {[%clk 0:02:12]} 47. g3+ {[%clk 0:00:49]} Ke4
{[%clk 0:02:11]} 48. f3+ {[%clk 0:00:49]} Ke5 {[%clk 0:02:12]} 49. Ke3
{[%clk 0:00:49]} Kf5 {[%clk 0:02:07]} 50. Nc6 {[%clk 0:00:46]} g4
{[%clk 0:02:08]} 51. f4 {[%clk 0:00:47]} Kf6 {[%clk 0:02:02]} 52. Ke4
{[%clk 0:00:46]} Ke6 {[%clk 0:02:03]} 53. f5+ {[%clk 0:00:44]} Kf6
{[%clk 0:02:02]} 54. Kf4 {[%clk 0:00:44]} h4 {[%clk 0:02:02]} 55. Kxg4
{[%clk 0:00:43]} h3 {[%clk 0:02:02]} 56. Nd4 {[%clk 0:00:43]} 1-0

[Event "MPJBiS 2020"]
[Site "?"]
[Date "2020.08.30"]
[Round "2.1"]
[White "Bartnik, Michal"]
[Black "Seemann, Jakub"]
[Result "0-1"]
[BlackElo "1811"]
[WhiteElo "1346"]
[LiveChessVersion "1.4.8"]

1. d4 Nf6 2. c4 e6 3. Nc3 Bb4 4. Bd2 O-O 5. a3 Bxc3 6. Bxc3 Ne4 7. Qc2 Nxc3 8.
Qxc3 b6 9. Nf3 Bb7 10. g3 d6 11. Bg2 Nd7 12. O-O Nf6 13. e3 Ne4 14. Qc2 f5 15.
Nd2 Nxd2 16. Qxd2 Bxg2 17. Kxg2 Qf6 18. b4 Rae8 19. d5 e5 20. f4 exf4 21. exf4
Re4 22. Qc2 Rfe8 23. Ra2 Qd4 24. Rc1 b5 25. cxb5 Qxd5 26. Kh3 Qf7 27. Kg2 Qh5 28.
Qb3+ Kh8 29. Qf3 Re2+ 30. Rxe2 Rxe2+ 31. Qxe2 Qxe2+ 32. Kh3 Qe7 33. Rc6 h5 34.
Ra6 Qe3 35. Rc6 Qxa3 36. Rxc7 Qxb4 37. Rxa7 Qxb5 38. Ra8+ Kh7 39. Rd8 Qb6 40. Rf8
d5 41. Rc8 d4 42. Rc1 d3 43. Rd1 Qe3 44. Kh4 Qe2 45. Ra1 Qg4# 0-1

[Event "MPJBiS 2020"]
[Site "?"]
[Date "2020.08.30"]
[Round "2.2"]
[White "Musial, Igor"]
[Black "Przybylski, Jan"]
[Result "1/2-1/2"]
[BlackElo "1350"]
[WhiteElo "1758"]
[LiveChessVersion "1.4.8"]

1. e4 {[%clk 0:03:03]} c5 {[%clk 0:03:04]} 2. Nc3 {[%clk 0:03:05]} Nc6
{[%clk 0:03:03]} 3. f4 {[%clk 0:03:06]} d6 {[%clk 0:03:04]} 4. Nf3
{[%clk 0:03:04]} e6 {[%clk 0:03:04]} 5. Bb5 {[%clk 0:03:02]} Bd7 {[%clk 0:03:05]}
6. Bc4 {[%clk 0:03:03]} g6 {[%clk 0:03:03]} 7. O-O {[%clk 0:02:54]} Bg7
{[%clk 0:03:04]} 8. d3 {[%clk 0:02:55]} Nge7 {[%clk 0:03:04]} 9. Qe1
{[%clk 0:02:45]} Na5 {[%clk 0:02:57]} 10. Be3 {[%clk 0:01:47]} Nxc4
{[%clk 0:02:39]} 11. dxc4 {[%clk 0:01:48]} O-O {[%clk 0:02:34]} 12. Rd1
{[%clk 0:01:45]} Qc7 {[%clk 0:02:34]} 13. Qd2 {[%clk 0:01:36]} Bc6
{[%clk 0:02:24]} 14. Qxd6 {[%clk 0:01:00]} Qxd6 {[%clk 0:02:25]} 15. Rxd6
{[%clk 0:01:01]} Bxc3 {[%clk 0:02:24]} 16. bxc3 Bxe4 {[%clk 0:02:12]} 17. Bxc5
{[%clk 0:00:58]} Nf5 {[%clk 0:02:03]} 18. Rd2 {[%clk 0:00:33]} Rfc8
{[%clk 0:02:03]} 19. Bd4 {[%clk 0:00:32]} Rxc4 {[%clk 0:01:58]} 20. Ne5
{[%clk 0:00:32]} Rc7 {[%clk 0:01:53]} 21. Re1 {[%clk 0:00:23]} Bd5
{[%clk 0:01:51]} 22. a3 Rac8 {[%clk 0:01:43]} 23. Ng4 {[%clk 0:00:11]} Nxd4
{[%clk 0:01:36]} 24. Nf6+ {[%clk 0:00:09]} Kg7 {[%clk 0:01:35]} 25. Nxd5
{[%clk 0:00:08]} Nf3+ {[%clk 0:01:29]} 26. gxf3 {[%clk 0:00:09]} exd5
{[%clk 0:01:30]} 27. Rxd5 {[%clk 0:00:07]} Rxc3 {[%clk 0:01:30]} 28. Rd7
{[%clk 0:00:08]} R8c7 {[%clk 0:01:28]} 29. Rxc7 {[%clk 0:00:04]} Rxc7
{[%clk 0:01:28]} 30. Re3 {[%clk 0:00:04]} Rxc2 31. Re7 {[%clk 0:00:06]} Rc3
{[%clk 0:01:25]} 32. Rxb7 {[%clk 0:00:07]} Rxa3 {[%clk 0:01:26]} 33. Kf2
{[%clk 0:00:08]} Kf6 {[%clk 0:01:23]} 34. Kg3 {[%clk 0:00:06]} a5
{[%clk 0:01:22]} 35. Ra7 {[%clk 0:00:07]} a4 {[%clk 0:01:22]} 36. Ra6+
{[%clk 0:00:08]} Kg7 {[%clk 0:01:21]} 37. Ra7 {[%clk 0:00:07]} Ra1
{[%clk 0:01:21]} 38. Kg2 {[%clk 0:00:06]} a3 {[%clk 0:01:22]} 39. Ra6
{[%clk 0:00:07]} a2 {[%clk 0:01:23]} 40. h4 {[%clk 0:00:04]} h5 {[%clk 0:01:21]}
41. f5 {[%clk 0:00:04]} f6 {[%clk 0:01:01]} 42. Ra7+ {[%clk 0:00:05]} Kh6
{[%clk 0:01:02]} 43. Ra6 {[%clk 0:00:06]} Kg7 {[%clk 0:00:56]} 44. Ra7+
{[%clk 0:00:07]} Kh6 {[%clk 0:00:51]} 45. Ra6 {[%clk 0:00:08]} Kg7
{[%clk 0:00:52]} 46. Ra7+ {[%clk 0:00:09]} Kh6 {[%clk 0:00:53]} 47. Ra6
{[%clk 0:00:10]} Kg7 {[%clk 0:00:54]} 48. Ra7+ {[%clk 0:00:11]} Kh6 49. Ra6 Kg7
50. Ra7+ Kh6 {[%clk 0:00:55]} 51. Ra6 {[%clk 0:00:16]} Kg7 52. Ra7+ Kh6 53. Ra6
Kg7 {[%clk 0:00:51]} 54. Ra7+ {[%clk 0:00:20]} Kh6 55. Ra6 Kg7 {[%clk 0:00:51]}
56. f4 {[%clk 0:00:21]} gxf5 {[%clk 0:00:51]} 57. Ra7+ {[%clk 0:00:22]} 1/2-1/2

[Event "MPJBiS 2020"]
[Site "?"]
[Date "2020.08.30"]
[Round "2.3"]
[White "Blaszkiewicz, Jakub"]
[Black "Raczek, Krzysztof"]
[Result "0-1"]
[BlackElo "1720"]
[WhiteElo "1341"]
[LiveChessVersion "1.4.8"]

1. e4 {[%clk 0:03:02]} c5 {[%clk 0:03:00]} 2. Nf3 {[%clk 0:03:03]} d6
{[%clk 0:02:59]} 3. d4 {[%clk 0:03:04]} cxd4 {[%clk 0:03:01]} 4. Nxd4
{[%clk 0:03:05]} Nf6 {[%clk 0:03:02]} 5. Nc3 {[%clk 0:03:05]} Nc6
{[%clk 0:03:04]} 6. Bg5 {[%clk 0:03:06]} e6 {[%clk 0:03:03]} 7. Qd2
{[%clk 0:02:37]} a6 {[%clk 0:03:04]} 8. O-O-O {[%clk 0:02:37]} Bd7
{[%clk 0:03:05]} 9. f4 {[%clk 0:02:25]} b5 {[%clk 0:02:46]} 10. Bxf6
{[%clk 0:02:21]} gxf6 {[%clk 0:02:44]} 11. Nb3 {[%clk 0:01:48]} h5
{[%clk 0:02:32]} 12. Bd3 {[%clk 0:01:44]} Qb6 {[%clk 0:02:25]} 13. Rhf1
{[%clk 0:01:37]} Na5 {[%clk 0:02:14]} 14. Nxa5 {[%clk 0:01:20]} Qxa5
{[%clk 0:02:16]} 15. Kb1 {[%clk 0:01:22]} b4 {[%clk 0:02:05]} 16. Ne2
{[%clk 0:01:22]} Qb6 {[%clk 0:02:01]} 17. Rf3 {[%clk 0:01:17]} a5
{[%clk 0:01:56]} 18. Rh3 {[%clk 0:01:17]} a4 {[%clk 0:01:53]} 19. c3
{[%clk 0:00:46]} bxc3 {[%clk 0:01:43]} 20. Nxc3 {[%clk 0:00:47]} a3
{[%clk 0:01:40]} 21. b3 {[%clk 0:00:48]} Rc8 {[%clk 0:01:40]} 22. Be2 Qa5
{[%clk 0:01:09]} 23. Rc1 {[%clk 0:00:39]} Bc6 {[%clk 0:01:04]} 24. Qe3
{[%clk 0:00:33]} Qb4 {[%clk 0:00:54]} 25. Rxh5 {[%clk 0:00:29]} Rxh5
{[%clk 0:00:54]} 26. Bxh5 {[%clk 0:00:30]} Qa5 {[%clk 0:00:37]} 27. Qd4
{[%clk 0:00:16]} Qxh5 {[%clk 0:00:37]} 28. h3 {[%clk 0:00:14]} Qc5 29. Qd3
{[%clk 0:00:14]} Qf2 {[%clk 0:00:35]} 30. Rc2 {[%clk 0:00:09]} Qxf4
{[%clk 0:00:36]} 31. Na4 {[%clk 0:00:07]} Qxe4 {[%clk 0:00:22]} 32. Qd2
{[%clk 0:00:05]} Bxa4 {[%clk 0:00:21]} 33. bxa4 {[%clk 0:00:06]} d5
{[%clk 0:00:18]} 34. Kc1 {[%clk 0:00:05]} Rxc2+ {[%clk 0:01:16]} 35. Qxc2
{[%clk 0:00:06]} Qxc2+ {[%clk 0:01:18]} 36. Kxc2 {[%clk 0:00:07]} Kd7
{[%clk 0:01:19]} 37. Kb3 {[%clk 0:00:08]} Kc6 {[%clk 0:01:20]} 38. Kc3
{[%clk 0:00:08]} e5 {[%clk 0:01:21]} 39. Kb3 {[%clk 0:00:04]} d4 {[%clk 0:01:21]}
40. a5 {[%clk 0:00:06]} Kb5 {[%clk 0:01:22]} 41. Kc2 {[%clk 0:00:06]} Kxa5
{[%clk 0:01:22]} 42. Kd3 {[%clk 0:00:07]} Kb4 {[%clk 0:01:23]} 43. Kc2
{[%clk 0:00:08]} Kc4 {[%clk 0:01:25]} 44. g3 {[%clk 0:00:09]} Bh6
{[%clk 0:01:26]} 45. h4 {[%clk 0:00:09]} d3+ {[%clk 0:01:26]} 46. Kd1
{[%clk 0:00:10]} f5 47. g4 fxg4 {[%clk 0:01:27]} 48. h5 {[%clk 0:00:13]} g3
{[%clk 0:01:19]} 49. Ke1 {[%clk 0:00:15]} d2+ {[%clk 0:01:19]} 50. Kd1
{[%clk 0:00:15]} g2 {[%clk 0:01:19]} 51. Kc2 {[%clk 0:00:13]} Be3
{[%clk 0:01:12]} 52. h6 {[%clk 0:00:13]} g1=Q {[%clk 0:01:11]} 53. h7
{[%clk 0:00:14]} Qc1# {[%clk 0:01:12]} 0-1

[Event "MPJBiS 2020"]
[Site "?"]
[Date "2020.08.30"]
[Round "2.4"]
[White "Warchol, Kamil"]
[Black "Ratajczak, Hubert"]
[Result "1-0"]
[BlackElo "1335"]
[WhiteElo "1690"]
[LiveChessVersion "1.4.8"]

1. e4 {[%clk 0:03:03]} e5 {[%clk 0:03:04]} 2. Nf3 {[%clk 0:03:04]} d5
{[%clk 0:03:05]} 3. exd5 {[%clk 0:03:01]} e4 {[%clk 0:03:07]} 4. Nd4
{[%clk 0:03:01]} Qxd5 {[%clk 0:03:08]} 5. Nb3 {[%clk 0:03:02]} Nf6
{[%clk 0:03:07]} 6. Nc3 {[%clk 0:03:01]} Qe5 {[%clk 0:03:08]} 7. Qe2
{[%clk 0:02:39]} Bd6 {[%clk 0:02:54]} 8. d3 {[%clk 0:02:28]} exd3
{[%clk 0:02:55]} 9. Qxe5+ {[%clk 0:02:26]} Bxe5 {[%clk 0:02:56]} 10. Bxd3
{[%clk 0:02:26]} Nc6 {[%clk 0:02:53]} 11. O-O {[%clk 0:02:22]} O-O 12. Re1
{[%clk 0:02:20]} Bxc3 {[%clk 0:02:49]} 13. bxc3 {[%clk 0:02:21]} Be6
{[%clk 0:02:43]} 14. Nc5 {[%clk 0:02:12]} Rae8 {[%clk 0:02:01]} 15. Ba3
{[%clk 0:01:52]} Bc8 {[%clk 0:01:41]} 16. Ne4 {[%clk 0:01:45]} Nxe4
{[%clk 0:01:40]} 17. Bxe4 {[%clk 0:01:46]} f5 {[%clk 0:01:13]} 18. Bd5+
{[%clk 0:01:37]} Kh8 {[%clk 0:01:15]} 19. Bxf8 {[%clk 0:01:38]} Rxf8
{[%clk 0:01:16]} 20. Bxc6 {[%clk 0:01:31]} bxc6 {[%clk 0:01:17]} 21. Re7
{[%clk 0:01:32]} h6 {[%clk 0:00:57]} 22. Rxc7 {[%clk 0:01:32]} Ba6
{[%clk 0:00:54]} 23. Rxa7 {[%clk 0:01:31]} Bc4 {[%clk 0:00:54]} 24. a4
{[%clk 0:01:28]} Rb8 {[%clk 0:00:54]} 25. a5 {[%clk 0:01:21]} Ba2
{[%clk 0:00:52]} 26. h3 {[%clk 0:01:19]} Bb1 {[%clk 0:00:53]} 27. a6
{[%clk 0:01:14]} Bxc2 {[%clk 0:00:54]} 28. Rb7 {[%clk 0:01:16]} Ra8
{[%clk 0:00:51]} 29. a7 {[%clk 0:01:17]} 1-0

[Event "MPJBiS 2020"]
[Site "?"]
[Date "2020.08.30"]
[Round "2.5"]
[White "Wandor, Adam"]
[Black "Krawczyk, Flawian"]
[Result "1/2-1/2"]
[BlackElo "1639"]
[WhiteElo "1099"]
[LiveChessVersion "1.4.8"]

1. d4 Nf6 2. c4 c5 3. d5 b5 4. e3 bxc4 5. Bxc4 g6 6. Nc3 Bg7 7. Nge2 O-O 8. O-O
d6 9. h3 Ba6 10. Bxa6 Nxa6 11. a3 Qd7 12. Qd3 Nc7 13. e4 Rfb8 14. Rb1 Nb5 15.
Nxb5 Rxb5 16. Nc3 Rb7 17. Be3 Rab8 18. Qc2 Qc7 19. Rfe1 Nd7 20. Re2 Ne5 21. b3 a5
22. f4 Nd7 23. Na4 Nb6 24. Nxb6 Rxb6 25. Bd2 R6b7 26. Bc3 a4 27. Bxg7 Kxg7 28.
Qc3+ Kg8 29. Reb2 Qb6 30. Kh2 axb3 31. Rxb3 Qxb3 32. Rxb3 Rxb3 33. Qa5 Kg7 34. a4
R3b4 35. Qa7 R8b7 36. Qa6 R4b6 37. Qa5 f6 38. Qa8 Rb2 39. a5 R7b4 40. a6 Ra2 41.
a7 Rba4 42. Qe8 Rxa7 43. e5 dxe5 44. fxe5 fxe5 45. Qc6 R2a5 46. Qe6 c4 47. Qxe5+
Kf7 48. Qf4+ Kg7 49. Qxc4 Ra4 50. Qc3+ Kf7 51. Qf3+ Ke8 52. Qe3 R7a6 53. Qb3 Kd7
54. Qb5+ Kd6 55. Qe2 Ra7 56. Qe6+ Kc5 57. Qc6+ Kd4 58. Qe6 R4a6 59. Qg4+ Kxd5 60.
Qg5+ e5 61. Qd2+ Ke6 62. Qh6 e4 63. Qf4 Kd5 64. Qd2+ Ke5 65. Qg5+ Kd4 66. Qd2+
Ke5 67. Qg5+ Ke6 68. Qg4+ Kd5 69. Qg5+ Ke6 70. Qf4 Ra4 71. Qe3 Kf5 72. Qf2+ Ke5
73. Qc5+ Kf4 74. Qf2+ Kg5 75. Qc5+ Kh6 76. Qc1+ Kg7 77. Qc3+ Kf7 78. Qb3+ Kf6 79.
Qc3+ Kf5 80. Qc8+ Kf4 81. Qc1+ e3 82. Qf1+ Ke4 83. Qb1+ Kd4 84. Qd1+ Kc4 85. Qe2+
Kd4 86. Qd1+ Ke5 87. Qe2 Ra3 88. Qb5+ Kd4 89. Qb4+ Kd3 90. Qd6+ Ke2 91. Qc5 Ra2
92. Qc4+ Kd2 93. Qd4+ Ke2 94. Qc4+ Kf2 95. Qf4+ Ke2 96. Qc4+ Ke1 97. Qc1+ Kf2 98.
Qg1+ Ke2 99. Qb1 Ra1 100. Qb5+ Ke1 101. Qb4+ Kf2 102. Qb2+ e2 103. Qf6+ Ke3 104.
Qe5+ Kd2 105. Qd4+ Kc2 106. Qc4+ Kd1 107. Qd3+ Ke1 108. Qc3+ Kf1 109. Qf3+ Ke1
110. Qc3+ Kd1 111. Qd3+ Kc1 112. Qxe2 R1a2 1/2-1/2

[Event "MPJBiS 2020"]
[Site "?"]
[Date "2020.08.30"]
[Round "2.6"]
[White "Karp, Kacper"]
[Black "Grot, Blazej"]
[Result "0-1"]
[BlackElo "1557"]
[WhiteElo "1292"]
[LiveChessVersion "1.4.8"]

1. e4 {[%clk 0:03:02]} c5 {[%clk 0:03:03]} 2. Nf3 {[%clk 0:03:02]} e6
{[%clk 0:03:03]} 3. c4 {[%clk 0:03:02]} Nc6 {[%clk 0:03:00]} 4. Nc3
{[%clk 0:03:02]} e5 {[%clk 0:03:01]} 5. d3 {[%clk 0:02:56]} d6 {[%clk 0:03:01]}
6. g3 {[%clk 0:02:54]} g6 {[%clk 0:03:01]} 7. Bg2 {[%clk 0:02:54]} Bg7
{[%clk 0:03:02]} 8. O-O {[%clk 0:02:52]} Nge7 {[%clk 0:03:03]} 9. Nd2
{[%clk 0:02:34]} f5 {[%clk 0:02:54]} 10. f4 {[%clk 0:02:18]} exf4
{[%clk 0:02:41]} 11. gxf4 {[%clk 0:02:13]} O-O {[%clk 0:02:41]} 12. Nf3
{[%clk 0:02:01]} fxe4 {[%clk 0:02:33]} 13. dxe4 {[%clk 0:01:45]} Be6
{[%clk 0:02:33]} 14. Nd5 {[%clk 0:01:38]} Bxd5 {[%clk 0:02:22]} 15. cxd5
{[%clk 0:01:33]} Nd4 {[%clk 0:02:15]} 16. Be3 {[%clk 0:01:20]} Nxf3+
{[%clk 0:02:15]} 17. Bxf3 {[%clk 0:01:18]} Qc7 {[%clk 0:02:14]} 18. Qd2
{[%clk 0:01:06]} Rae8 {[%clk 0:02:11]} 19. Rac1 {[%clk 0:01:00]} Qd7
{[%clk 0:01:54]} 20. Kh1 {[%clk 0:00:55]} Kh8 {[%clk 0:01:32]} 21. Rg1
{[%clk 0:00:45]} Ng8 {[%clk 0:01:22]} 22. Bg4 {[%clk 0:00:33]} Qa4
{[%clk 0:01:16]} 23. Bf3 {[%clk 0:00:22]} Nf6 {[%clk 0:01:11]} 24. Bxc5
{[%clk 0:00:19]} Rf7 {[%clk 0:00:28]} 0-1

[Event "MPJBiS 2020"]
[Site "?"]
[Date "2020.08.30"]
[Round "2.7"]
[White "Wierzbicki, Dawid"]
[Black "Merecki, Antoni"]
[Result "1/2-1/2"]
[BlackElo "1332"]
[WhiteElo "1550"]
[LiveChessVersion "1.4.8"]

1. e4 e6 2. d4 d5 3. exd5 exd5 4. Bd3 Bd6 5. c3 Nf6 6. Nf3 O-O 7. O-O c6 8. Bg5
Bg4 9. Nbd2 Nbd7 10. Qc2 Qc7 11. h3 Bh5 12. Rfe1 Rfe8 13. b4 h6 14. Be3 Bxf3 15.
Nxf3 b5 16. a4 a6 17. a5 Re7 18. Bd2 Rae8 19. Rxe7 Rxe7 20. Re1 Rxe1+ 21. Nxe1
Nf8 22. Nf3 Ne6 23. Nh4 Bf4 24. Nf5 Bxd2 25. Qxd2 Nf4 26. Bc2 Ng6 27. Qe3 Qd7 28.
Qf3 Qe6 29. Qg3 Qe8 30. Qd6 Qe1+ 31. Kh2 Qxc3 32. Qb8+ Kh7 33. Bb1 Qxb4 34. Bd3
Qxa5 35. Ne7 Qc3 36. Bf5 Qxd4 37. Qf8 Qf4+ 38. g3 Qxf2+ 1/2-1/2

[Event "MPJBiS 2020"]
[Site "?"]
[Date "2020.08.30"]
[Round "2.8"]
[White "Skrzypinski, Jan"]
[Black "Stepien, Piotr"]
[Result "1/2-1/2"]
[BlackElo "1299"]
[WhiteElo "1540"]
[LiveChessVersion "1.4.8"]

1. e4 {[%clk 0:03:02]} e5 {[%clk 0:03:03]} 2. Nf3 {[%clk 0:03:03]} Nf6
{[%clk 0:03:04]} 3. Nxe5 {[%clk 0:03:04]} d6 {[%clk 0:03:05]} 4. Nf3
{[%clk 0:03:05]} Nxe4 {[%clk 0:03:06]} 5. Bc4 {[%clk 0:03:06]} Be7
{[%clk 0:03:04]} 6. d3 {[%clk 0:03:07]} Nf6 {[%clk 0:03:05]} 7. Bg5
{[%clk 0:03:08]} h6 {[%clk 0:03:01]} 8. Bh4 {[%clk 0:03:08]} Be6 {[%clk 0:03:02]}
9. Bxe6 {[%clk 0:03:07]} fxe6 {[%clk 0:03:03]} 10. O-O {[%clk 0:03:07]} O-O
{[%clk 0:03:03]} 11. Nd4 {[%clk 0:03:07]} Qd7 {[%clk 0:03:03]} 12. Nc3
{[%clk 0:02:58]} e5 {[%clk 0:03:03]} 13. Nf3 {[%clk 0:02:59]} Nc6
{[%clk 0:03:04]} 14. Bxf6 {[%clk 0:02:58]} Bxf6 {[%clk 0:03:04]} 15. Ne4
{[%clk 0:02:53]} Qe7 {[%clk 0:02:55]} 16. Qd2 {[%clk 0:02:42]} Rf7
{[%clk 0:02:40]} 17. Nxf6+ {[%clk 0:02:41]} Qxf6 {[%clk 0:02:38]} 18. c3
{[%clk 0:02:39]} Qg6 {[%clk 0:02:36]} 19. Kh1 {[%clk 0:02:40]} Raf8
{[%clk 0:02:37]} 20. Nh4 {[%clk 0:02:38]} Qf6 {[%clk 0:02:35]} 21. Nf3
{[%clk 0:02:37]} Qe6 {[%clk 0:02:29]} 22. b4 {[%clk 0:02:20]} a6 {[%clk 0:02:28]}
23. Rae1 {[%clk 0:02:19]} Qg4 {[%clk 0:02:20]} 24. Re4 {[%clk 0:02:17]} Qg6
{[%clk 0:02:13]} 25. Nh4 {[%clk 0:02:17]} Qf6 {[%clk 0:02:15]} 26. Nf3
{[%clk 0:01:54]} Qg6 {[%clk 0:02:10]} 27. Qe3 {[%clk 0:01:40]} Qf6
{[%clk 0:02:00]} 28. d4 {[%clk 0:01:40]} exd4 {[%clk 0:02:01]} 29. Nxd4
{[%clk 0:01:41]} Nxd4 {[%clk 0:02:02]} 30. Rxd4 {[%clk 0:01:37]} Qe7
{[%clk 0:01:58]} 31. Re4 {[%clk 0:01:27]} Qd7 {[%clk 0:01:50]} 32. h3
{[%clk 0:01:22]} d5 {[%clk 0:01:32]} 33. Rd4 {[%clk 0:01:20]} Re8
{[%clk 0:01:33]} 34. Qd2 {[%clk 0:00:54]} c6 {[%clk 0:01:34]} 35. a4
{[%clk 0:00:55]} Rfe7 {[%clk 0:01:31]} 36. b5 {[%clk 0:00:54]} axb5 37. axb5
{[%clk 0:00:54]} Re2 {[%clk 0:01:28]} 38. Qd3 {[%clk 0:00:47]} Qf7
{[%clk 0:01:24]} 39. bxc6 {[%clk 0:00:46]} bxc6 {[%clk 0:01:25]} 40. Kg1
{[%clk 0:00:38]} R2e5 {[%clk 0:01:17]} 41. Qg3 {[%clk 0:00:30]} Rg5
{[%clk 0:01:14]} 42. Qf4 {[%clk 0:00:25]} Rf5 {[%clk 0:01:13]} 43. Qd6
{[%clk 0:00:22]} Rf6 {[%clk 0:01:12]} 44. Qc5 {[%clk 0:00:18]} Qe7
{[%clk 0:01:10]} 45. Qxe7 {[%clk 0:00:16]} Rxe7 {[%clk 0:01:11]} 46. Rd2
{[%clk 0:00:17]} Kf7 {[%clk 0:01:11]} 47. f4 {[%clk 0:00:18]} Re4
{[%clk 0:01:10]} 48. Rdf2 {[%clk 0:00:14]} Rc4 {[%clk 0:01:10]} 49. Rf3
{[%clk 0:00:15]} g6 {[%clk 0:01:06]} 50. g3 {[%clk 0:00:16]} Ke6 {[%clk 0:01:03]}
51. g4 {[%clk 0:00:14]} Rf8 {[%clk 0:00:52]} 52. f5+ gxf5 {[%clk 0:00:52]} 53.
Rxf5 {[%clk 0:00:16]} Rxf5 {[%clk 0:00:40]} 54. Rxf5 {[%clk 0:00:17]} Rxc3
{[%clk 0:00:41]} 55. Rh5 {[%clk 0:00:17]} d4 {[%clk 0:00:37]} 56. Rxh6+
{[%clk 0:00:18]} Kf7 {[%clk 0:00:38]} 57. Kf1 {[%clk 0:00:20]} Kg7
{[%clk 0:00:33]} 58. Rd6 {[%clk 0:00:19]} c5 {[%clk 0:00:33]} 59. h4
{[%clk 0:00:18]} Rg3 {[%clk 0:00:33]} 60. g5 {[%clk 0:00:15]} Rh3
{[%clk 0:00:31]} 61. Rd5 {[%clk 0:00:12]} Rxh4 {[%clk 0:00:29]} 62. Rxc5
{[%clk 0:00:13]} Rg4 {[%clk 0:00:27]} 63. Rd5 {[%clk 0:00:13]} Kg6
{[%clk 0:00:28]} 64. Ke2 {[%clk 0:00:15]} Rxg5 {[%clk 0:00:28]} 65. Rxd4
{[%clk 0:00:16]} 1/2-1/2

[Event "MPJBiS 2020"]
[Site "?"]
[Date "2020.08.30"]
[Round "2.9"]
[White "Micula, Jakub"]
[Black "Bochniak, Franciszek"]
[Result "1-0"]
[BlackElo "1485"]
[WhiteElo "1268"]
[LiveChessVersion "1.4.8"]

1. b4 {[%clk 0:03:02]} e5 {[%clk 0:03:02]} 2. Bb2 {[%clk 0:03:03]} Bxb4
{[%clk 0:03:02]} 3. Bxe5 {[%clk 0:03:03]} Nf6 {[%clk 0:03:03]} 4. e3
{[%clk 0:03:02]} d6 {[%clk 0:03:02]} 5. Bb2 {[%clk 0:03:03]} O-O {[%clk 0:03:02]}
6. Nf3 {[%clk 0:03:03]} Re8 {[%clk 0:03:02]} 7. Be2 {[%clk 0:03:04]} Nc6
{[%clk 0:03:03]} 8. O-O {[%clk 0:03:02]} Bf5 {[%clk 0:03:01]} 9. d4
{[%clk 0:03:00]} h6 {[%clk 0:02:53]} 10. c4 {[%clk 0:02:58]} a6 {[%clk 0:02:25]}
11. Nbd2 {[%clk 0:02:57]} Ba5 {[%clk 0:02:18]} 12. Nb3 {[%clk 0:02:47]} Bb6
{[%clk 0:02:19]} 13. Rc1 {[%clk 0:02:43]} Bh7 {[%clk 0:01:36]} 14. Bd3
{[%clk 0:02:39]} Ne4 {[%clk 0:01:01]} 15. a3 {[%clk 0:02:34]} Rb8
{[%clk 0:00:43]} 16. Qc2 {[%clk 0:02:33]} f5 {[%clk 0:00:41]} 17. Rfd1
{[%clk 0:02:23]} Qe7 {[%clk 0:00:38]} 18. Nfd2 {[%clk 0:02:02]} Rbd8
{[%clk 0:00:22]} 19. Bxe4 {[%clk 0:01:59]} fxe4 {[%clk 0:00:23]} 20. Nf1
{[%clk 0:01:59]} Nb8 {[%clk 0:00:18]} 21. Ng3 {[%clk 0:01:59]} Nd7
{[%clk 0:00:19]} 22. d5 {[%clk 0:01:36]} Nf6 {[%clk 0:00:15]} 23. Bxf6
{[%clk 0:01:30]} Qxf6 {[%clk 0:00:16]} 24. Qc3 {[%clk 0:01:29]} Qf7
{[%clk 0:00:14]} 25. Nd4 {[%clk 0:01:25]} Bxd4 {[%clk 0:00:13]} 26. Qxd4
{[%clk 0:01:24]} Re5 {[%clk 0:00:10]} 27. Rb1 {[%clk 0:01:22]} b6
{[%clk 0:00:11]} 28. Rd2 {[%clk 0:01:08]} h5 {[%clk 0:00:11]} 29. Ne2
{[%clk 0:01:01]} g5 {[%clk 0:00:10]} 30. h4 {[%clk 0:01:00]} Rf8 {[%clk 0:00:10]}
31. Rf1 {[%clk 0:00:57]} Qg6 {[%clk 0:00:06]} 32. hxg5 {[%clk 0:00:53]} Rxg5
{[%clk 0:00:07]} 33. g3 {[%clk 0:00:39]} Qf5 {[%clk 0:00:06]} 34. Nf4
{[%clk 0:00:39]} Rf7 {[%clk 0:00:05]} 35. a4 {[%clk 0:00:31]} Qg4
{[%clk 0:00:05]} 36. Qc3 {[%clk 0:00:20]} h4 {[%clk 0:00:06]} 37. Ne6
{[%clk 0:00:17]} 1-0